Datum a čas kvízu
33.5
Celkem bodů
Celkový počet nahraných bodů na tomto kvízu bez doplňovacích otázek.
3.
Pořadí na kvízu
Konečné umístění týmu na tomto kvízu.
Zaznamenané odpovědi
| # | Otázka | Odpověď | Body | Výsledky |
|---|---|---|---|---|
| 1. | Minulý týden navštívili Pražsk... | Argentina, Slovensko | 0.5 | |
| 2. | Který nezvaný živočich přeruši... | B) šváb | 1 | |
| 3. | Originál ilustrace od kreslíře... | Harry Potter a kámen mudrců | 0 | |
| 4. | V pondělí jsme se dozvěděli o... | Dagmar Havlová | 1 | |
| 5. | 41letý český atlet, který je d... | Vítězslav Veselý | 0 | |
| 6. | Dobytek se tradičně rozděloval... | brav | 1 | |
| 7. | Jak se jmenuje zobrazené oblíb... | kamerunská ovce (djallonké) | 1 | |
| 8. | Které z následujících tvrzení... | D | 1 | |
| 9. | Ještě do zhruba 13. století se... | zebu | 1 | |
| 10. | Zvířata, která mají vlnu, vylu... | lanolin | 1 |